00257nam a2200085Ia 4500008004100000100002600041245005300067260004200120260000900162170620s9999 xx 000 0 und d aGanihar- Noorjehan N. 0aHuman Resource Development and Teacher Education bNew Delhi- Discovery Publishing House c2007